000 01190 a2200217 4500
003 Nust
005 20170207153500.0
010 _a 90222668
020 _a1860643752
040 _cNust
082 _a950.2
100 1 _aHartog, Leo de.
245 1 0 _aGenghis Khan, conqueror of the world
_cLeo de Hartog.
260 _aLondon :
_bI.B. Tauris,
_cc1989.
300 _avii, 230 p. :
_bill. ;
_c23 cm.
500 _aTranslation of: Djenghis Khan, 's werelds grootste veroveraar.
505 _aMongolia On The Eve Of The Birth Of Asia’s Greatest Son (Page-1) The Rise Of A Young Chief Of The Borjigins (Page-12) Ruler Of All Trivbes Living In Felt Tents (Page-24) The Yasa (Page-35) The Mongol Army (Page-42) The Rapacious Barbarians At China’s Northern Frontier (Page-55) The Prelude (Page-78) The Hurricane From The East (Page-94) The Great Raid (Page-116) After The Storm (Page-124) The Last Campaign (Page-133) The World Conqueror And His Empire (Page-139) In The Footsteps Of The Father (Page-149) The Mongol Invader In Europe (Page-164) The Last Phase Of Unity (Page-182)
538 _aAlmirah No.62 Shelf No.1
600 0 0 _aGenghis Khan,
_d1162-1227.
650 0 _aMongols
_xHistory.
942 _2ddc
_cBK
999 _c187304
_d187304